00668nam a2200217Ia 450000500170000000800410001701600140005804000170007205000150008908200080010410000330011224500780014526000460022330000230026956300100029265000110030265000290031365000330034265000370037565000380041220241210110522.0210303s9999 xx 000 0 und d 2reto2022b aNLNbEnglish aB1301b.C7 a192 aCRAGG, Gerald Robertsoneaut 0aReason and authority in the eighteenth century /cGerald Robertson Cragg aCambridge Eng. :bUniversity Press,c1964 aix, 349p.b; 23cm. a(pbk) aReason aAuthorityvGreat Britain aEnlightenmentvGreat Britain aGreat BritainvIntellectual life aPhilosophy, Englishv18th century